Países que han sido la Sede de los Juegos Olímpicos - Estadísticas

Estadísticas generales
  • Esta prueba ha sido intentada 8.122 veces
  • La puntuación promedio es 20 de 24
Estadísticas de respuestas
# Pays % Correcto
1 España
98%
9 Estados Unidos
98%
6 Francia
98%
4 Japón
98%
1 Brasil
97%
2 China
97%
3 Alemania
95%
3 Reino Unido
95%
1 Rusia
95%
3 Canadá
93%
2 Grecia
93%
1 Mexico
93%
4 Italia
92%
2 Australia
90%
1 Suecia
87%
2 Noruega
85%
2 Corea del Sur
83%
1 Finlandia
81%
2 Suiza
78%
1 Países Bajos
69%
2 Austria
68%
1 Bélgica
68%
1 Unión Soviética
47%
1 Yugoslavia
43%
No se encontraron pruebas coincidentes
Distribución de puntuación
Porcentaje de gente con cada puntuación
Porcentaje por número respondido
Historial de tus puntuaciones
No has intentado esta prueba.